| 000 | 00860nam a2200217 4500 | ||
|---|---|---|---|
| 001 | 117406 | ||
| 003 | ES-MaACL | ||
| 005 | 20250806074224.0 | ||
| 007 | t| | ||
| 008 | 070302s1969 sp r ||||1| spa d | ||
| 100 | 1 |
_aPaniagua Arellano, Juan Antonio. _988785 |
|
| 245 | 1 | 3 |
_aEl maestro Arnau de Vilanova, médico / _cJuan A. Paniagua. |
| 260 |
_aValencia : _bCátedra e Instituto de Historia de la Medicina, _c1969. |
||
| 300 |
_a92 p. ; _c22 cm. |
||
| 490 | 1 |
_aCuadernos valencianos de historia de la medicina y de la ciencia. Serie A. Monografías ; _v8 |
|
| 500 | _aEjemplar multicopista. | ||
| 710 | 2 |
_aUniversidad de Valencia. _bCátedra de Historia de la Medicina. _97315 |
|
| 830 | 0 | 0 |
_aCuadernos valencianos de historia de la medicina y de la ciencia _v8 _9181644 |
| 852 |
_aES-MaACL _jC-48503 _bR.69590 |
||
| 999 |
_c117406 _d117406 |
||